000 00877cam a2200301 a 4500
008
020 _a0072910097 (pbk.)
049 _aMAIN
090 _aCB245
_bFIE
100 _aFiero, Gloria K.
245 1 4 _aThe humanistic tradition /
_cGloria K. Fiero.
250 _a5th ed.
260 _aBoston :
_bMcGraw Hill,
_cc2006.
300 _axiii, 178 p. :
_bill. (some col.), col. maps ;
_c29 cm.
500 _aIncludes index.
504 _aIncludes bibliographical references.
650 0 _aCivilization, Western
_xHistory.
650 0 _aHumanism.
650 2 _aGreek World
_xhistory.
650 2 _aHistory
_zEurope.
650 2 _aHumanism
_xhistory.
650 2 _aRoman World
_xhistory.
907 _a.b10294557
_b19-03-13
_c07-04-11
003
005 20230123125409.0
040 _cNUST
942 _cBOOKS
_kCB245
_mFIE
999 _c140800
_d140800